| 000 | 00651nam a2200265Ia 4500 | ||
|---|---|---|---|
| 005 | 20260121165116.0 | ||
| 008 | 008 260114s9999 xx 000 0 eng d | ||
| 020 | _a9781137583710 | ||
| 037 | _aEBOOK | ||
| 040 | _aCRL | ||
| 040 | _beng | ||
| 040 | _cCRL | ||
| 041 | _2eng | ||
| 041 | _aeng | ||
| 084 | _qCRL | ||
| 100 |
_aMurray Leeder _91047620 |
||
| 245 | 4 | _aThe Modern Supernatural and the Beginnings of Cinema | |
| 260 | _bSpringer | ||
| 260 | _bSpringer | ||
| 260 | _c2017 | ||
| 856 | _uhttps://link.springer.com/openurl?genre=book&isbn=978-1-137-58371-0 | ||
| 942 | _cEBOOK | ||
| 999 |
_c1613345 _d1613345 |
||